000
00277nam a2200109Ia 4500
008
191201s2011 xx 000 0 und d
100
_a
BAJAJ, Sandeep
245
0
_a
Materials and Metallurgy
260
_c
2011
_b
Ishan Publications
_a
NEW DELHI
300
_a
295+36
942
_2
ddc
_c
BK
999
_c
8100
_d
8100